[Event "10. Bayer Open"]
[Site "?"]
[Date "2012.02.08"]
[Round "3"]
[White "Plückelmann, Thomas"]
[Black "Arnold, Bodo"]
[Result "1-0"]
[WhiteElo "1700"]
[BlackElo "1615"]
[PlyCount "55"]
[EventDate "2012.??.??"]
[SourceDate "2012.01.12"]

1. d4 Nf6 2. c4 d6 3. Nc3 g6 4. e4 Bg7 5. f4 O-O 6. Nf3 c5 7. d5 e6 8. Bd3 exd5
9. cxd5 Re8 10. O-O a6 11. Re1 b5 12. a3 Ra7 13. Bd2 Nfd7 14. Ra2 c4 15. Bc2
Nc5 16. Be3 Rc7 17. Bd4 Nbd7 18. Ra1 Nf6 19. e5 Nh5 20. exd6 Rxe1+ 21. Qxe1
Bxd4+ 22. Nxd4 Qxd6 23. Qe8+ Qf8 24. Re1 Nf6 25. Qe5 Nd3 26. Qxc7 Nxd5 27. Nxd5
Nxe1 28. Ne7+ 1-0

[Event "10. Bayer Open"]
[Site "?"]
[Date "2012.02.08"]
[Round "3"]
[White "Liebsch, Ulrich"]
[Black "Elsweiler, Karl-Heinz"]
[Result "1-0"]
[WhiteElo "1695"]
[BlackElo "1588"]
[PlyCount "89"]
[EventDate "2012.??.??"]
[SourceDate "2012.01.12"]

1. e4 d6 2. d4 Nf6 3. Nc3 g6 4. Bd3 Bg7 5. f4 c5 6. d5 a6 7. Nf3 Bg4 8. h3 Bxf3
9. Qxf3 b5 10. O-O O-O 11. Bd2 Nbd7 12. Rae1 c4 13. Be2 Nb6 14. g4 Nfd7 15. Nd1
Qc7 16. Kh1 Rac8 17. Bc3 Bxc3 18. Qxc3 Qc5 19. Bf3 e5 20. f5 g5 21. Kg2 Kg7 22.
h4 h6 23. Qd2 f6 24. Rh1 Rh8 25. Rh3 Na4 26. c3 a5 27. hxg5 hxg5 28. Reh1 Rxh3
29. Rxh3 Rh8 30. Rxh8 Kxh8 31. Kg3 Qg1+ 32. Bg2 Nac5 33. Nf2 Qa1 34. Nh3 Nd3
35. Nxg5 Kg8 36. Ne6 Qc1 37. Qxc1 Nxc1 38. Bf1 Nxa2 39. Nc7 Nc5 40. Kf3 Na4 41.
Nxb5 Nxb2 42. Ke3 Nd1+ 43. Kd2 Nf2 44. Nxd6 Nxg4 45. Bxc4 1-0

[Event "10. Bayer Open"]
[Site "?"]
[Date "2012.02.08"]
[Round "3"]
[White "Gnass, Arno"]
[Black "Janssen, Wolfgang"]
[Result "0-1"]
[WhiteElo "1847"]
[BlackElo "1670"]
[PlyCount "94"]
[EventDate "2012.??.??"]
[SourceDate "2012.01.12"]

1. d4 Nf6 2. c4 g6 3. g3 Bg7 4. Bg2 O-O 5. Nf3 d6 6. Nc3 Nbd7 7. e4 c6 8. O-O
e5 9. d5 Nc5 10. Re1 Bg4 11. h3 Bxf3 12. Bxf3 Qc7 13. b3 Rfd8 14. Bb2 Qd7 15.
Bg2 Nh5 16. a4 a5 17. Ba3 Na6 18. Kh2 Nb4 19. Na2 c5 20. Nc3 Nf6 21. Nb5 Ne8
22. Rc1 h5 23. Bxb4 axb4 24. h4 Bh6 25. Rc2 Ng7 26. Bh3 f5 27. f3 Qe7 28. Rg2
Rf8 29. Qe2 Rad8 30. Qf2 Qf7 31. Re2 Kh7 32. Kh1 fxe4 33. fxe4 Qe7 34. Qg1 Rf3
35. Qd1 Rdf8 36. Rg1 Be3 37. Rf1 Rxg3 38. Rxf8 Qxf8 39. Bg2 Qf4 40. Rxe3 Qxh4+
41. Kg1 Rxe3 42. Kf1 Qf4+ 43. Kg1 Ne8 44. a5 h4 45. a6 bxa6 46. Qa1 h3 47. Qd1
Qg3 0-1

[Event "10. Bayer Open"]
[Site "?"]
[Date "2012.02.08"]
[Round "3"]
[White "Rist, Kurt"]
[Black "Hoffmann, Hans-Paul"]
[Result "1/2-1/2"]
[WhiteElo "1511"]
[BlackElo "1837"]
[PlyCount "66"]
[EventDate "2012.??.??"]
[SourceDate "2012.01.12"]

1. e4 d5 2. exd5 Qxd5 3. Nc3 Qa5 4. d4 Nf6 5. Bd2 c6 6. Bc4 Bf5 7. Qe2 e6 8.
O-O-O Qc7 9. Nf3 Nbd7 10. Bb3 O-O-O 11. Rhe1 Nb6 12. Ne5 Rxd4 13. Bg5 Rxd1+ 14.
Rxd1 Bb4 15. Bf4 Bd6 16. Rxd6 Qxd6 17. Ng6 Qd4 18. Be5 Qd8 19. Nxh8 Qxh8 20. f3
Nfd7 21. Bg3 Qd8 22. Ne4 Bxe4 23. Qxe4 Qg5+ 24. Kb1 Qd2 25. a4 Qd1+ 26. Ka2 Nd5
27. c3 Qd2 28. Kb1 N5f6 29. Qb4 Qd3+ 30. Bc2 Qf1+ 31. Ka2 Nd5 32. Qd6 Qe2 33.
Kb3 Qe3 {Anscheinend wurde das Spiel auf einem falsch herum aufgebauten Brett
ausgetragen. Der Rest der Notation ist nicht nachvollziehbar.} 1/2-1/2

[Event "10. Bayer Open"]
[Site "?"]
[Date "2012.02.08"]
[Round "3"]
[White "Baier, Uwe"]
[Black "Hoeper, Heinz-Joachim"]
[Result "1-0"]
[WhiteElo "1718"]
[BlackElo "1416"]
[PlyCount "93"]
[EventDate "2012.??.??"]
[SourceDate "2012.01.12"]

1. e4 e5 2. f4 d5 3. exd5 exf4 4. Nf3 Nf6 5. d4 Nxd5 6. Bc4 Qe7+ 7. Qe2 Qxe2+
8. Kxe2 Nb6 9. Bb3 Bd6 10. Nc3 O-O 11. Nb5 Be6 12. Nxd6 Bxb3 13. axb3 cxd6 14.
Bxf4 Re8+ 15. Kd2 d5 16. Bxb8 Rexb8 17. Rhe1 Kf8 18. Ne5 f6 19. Nd3 Re8 20.
Rxe8+ Kxe8 21. Nc5 Nc8 22. Nxb7 Kd7 23. Nc5+ Ke7 24. Re1+ Kf7 25. c4 Nb6 26.
Kc3 a5 27. Ra1 f5 28. Nb7 a4 29. c5 axb3 30. Rxa8 Nxa8 31. Kxb3 f4 32. Kc3 Ke6
33. Nd6 h5 34. b4 g5 35. Kd3 g4 36. Nb5 h4 37. Ke2 f3+ 38. gxf3 g3 39. hxg3
hxg3 40. Kf1 Kf5 41. Kg2 Kf4 42. c6 Nb6 43. Nd6 Ke3 44. Nf5+ Kd3 45. c7 Nc8 46.
b5 Kc4 47. Ne7 1-0

[Event "10. Bayer Open"]
[Site "?"]
[Date "2012.02.08"]
[Round "3"]
[White "Wolff, Michael"]
[Black "Neuber, Max"]
[Result "1-0"]
[WhiteElo "1835"]
[BlackElo "812"]
[PlyCount "67"]
[EventDate "2012.??.??"]
[SourceDate "2012.01.12"]

1. e4 e5 2. f4 d6 3. Nf3 Bg4 4. Nc3 Nc6 5. Bb5 a6 6. Bxc6+ bxc6 7. d3 Ne7 8. h3
Bxf3 9. Qxf3 exf4 10. Bxf4 Ng6 11. Bg3 Nh4 12. Qf2 Be7 13. O-O O-O 14. Rfe1 a5
15. a4 Rb8 16. b3 Ng6 17. Kh1 Kh8 18. Ne2 d5 19. Ng1 Bg5 20. Qa7 Bh4 21. Bxh4
Nxh4 22. Qxa5 Kg8 23. Qd2 f5 24. g3 Ng6 25. exf5 Nh8 26. Qe3 Re8 27. Qxe8+ Qxe8
28. Rxe8+ Rxe8 29. Kg2 Kf7 30. Kf2 c5 31. Re1 Rxe1 32. Kxe1 Kf6 33. a5 Nf7 34.
a6 1-0

[Event "10. Bayer Open"]
[Site "?"]
[Date "2012.02.08"]
[Round "3"]
[White "Kuhnert, Klaus"]
[Black "Schimpf, Rolf"]
[Result "0-1"]
[WhiteElo "1450"]
[BlackElo "1676"]
[PlyCount "118"]
[EventDate "2012.??.??"]
[SourceDate "2012.01.12"]

1. e4 c5 2. Nf3 e6 3. d4 cxd4 4. Nxd4 a6 5. a3 d6 6. Nc3 Nf6 7. Bd3 Be7 8. Be3
Qc7 9. Nf3 O-O 10. h3 b5 11. O-O Bb7 12. Bg5 Nbd7 13. Re1 Rfe8 14. Qe2 Rac8 15.
e5 Bxf3 16. Qxf3 Nxe5 17. Qe3 Nxd3 18. Qxd3 d5 19. Rac1 h6 20. Bh4 Qc4 21. Qxc4
Rxc4 22. Bg3 Bxa3 23. bxa3 Rxc3 24. Be5 Rxa3 25. Bxf6 gxf6 26. Rcd1 Kh7 27.
Rxd5 Rg8 28. Rd4 Rxh3 29. Ra1 Rc3 30. Rxa6 Rxc2 31. g3 Rc7 32. Rb6 Rg5 33. Kg2
Kg6 34. Rb4 Rcc5 35. Rb8 Rgd5 36. Rg8+ Kh7 37. Rb8 f5 38. Rb7 Kg6 39. Kh3 Rd2
40. R7xb5 Rxb5 41. Rxb5 Rxf2 42. Rb8 Kg7 43. Rb4 Rd2 44. Rc4 Rd7 45. Kh4 e5 46.
Kh3 Re7 47. Rc5 Kg6 48. Kh4 f6 49. Kh3 Kg5 50. Rc8 e4 51. Rg8+ Kh5 52. g4+
fxg4+ 53. Rxg4 f5 54. Rg8 e3 55. Rg1 e2 56. Re1 f4 57. Kg2 Kg4 58. Kf2 f3 59.
Rg1+ Kf4 0-1

[Event "10. Bayer Open"]
[Site "?"]
[Date "2012.02.08"]
[Round "3"]
[White "Yon, Gregory"]
[Black "Blumenthal, Ralf"]
[Result "0-1"]
[WhiteElo "1447"]
[BlackElo "1824"]
[PlyCount "120"]
[EventDate "2012.??.??"]
[SourceDate "2012.01.12"]

1. c4 Nf6 2. Nc3 g6 3. g3 c5 4. Bg2 Bg7 5. Nf3 Nc6 6. O-O d5 7. cxd5 Nxd5 8.
Nxd5 Qxd5 9. d3 O-O 10. Nd2 Qd7 11. Ne4 b6 12. Re1 Bb7 13. Qa4 h6 14. Nc3 Rfd8
15. Qh4 Nd4 16. Rb1 Nf5 17. Qc4 Nd4 18. a3 Rac8 19. Bxb7 Qxb7 20. Nb5 a6 21.
Nxd4 cxd4 22. Qb3 Rc5 23. Bf4 e5 24. Bd2 Rb5 25. Qa2 e4 26. Rbc1 e3 27. fxe3
dxe3 28. Bxe3 Rxb2 29. Qc4 Qe7 30. Qf4 Rd7 31. Rc8+ Kh7 32. Rc4 Rb5 33. Qf2 Rf5
34. Rf4 Rxf4 35. Bxf4 Qxa3 36. Kf1 b5 37. Qb6 Qa4 38. Qc6 Re7 39. e4 Qa2 40.
Re2 Qb1+ 41. Qc1 Qxd3 42. Qe3 Qxe3 43. Rxe3 Bd4 44. Rd3 Rxe4 45. Bc7 b4 46. Ba5
Bc3 47. h3 Re5 48. Bc7 Rf5+ 49. Ke2 a5 50. g4 Rc5 51. Bd6 Rc6 52. Kd1 a4 53.
Bf4 a3 54. Rd7 Rf6 55. Bd2 a2 56. Bxc3 bxc3 57. Ra7 a1=Q+ 58. Rxa1 Rf1+ 59. Kc2
Rxa1 60. Kxc3 Ra3+ 0-1

[Event "10. Bayer Open"]
[Site "?"]
[Date "2012.02.08"]
[Round "3"]
[White "Eschweiler, Gottfried"]
[Black "Seelig, Jochen"]
[Result "1-0"]
[WhiteElo "1549"]
[BlackElo "1426"]
[PlyCount "139"]
[EventDate "2012.??.??"]
[SourceDate "2012.01.12"]

1. e4 b6 2. d4 Bb7 3. Bd3 Nf6 4. Qe2 e6 5. Nf3 d5 6. e5 Nfd7 7. O-O Be7 8. c3
c5 9. a3 c4 10. Bc2 Nc6 11. Nbd2 Na5 12. Ne1 Qc7 13. f4 g6 14. Nef3 h6 15. Nb1
O-O-O 16. Be3 Rdg8 17. Nfd2 Nf8 18. a4 Kd8 19. b4 Nc6 20. Na3 Bc8 21. Nb5 Qd7
22. Rfb1 a6 23. Na3 Na7 24. Rf1 Qe8 25. Nf3 Bd7 26. Qd1 Rg7 27. Nd2 Kc7 28. Nf3
Nc8 29. Nd2 Bd8 30. Qe2 b5 31. axb5 axb5 32. Nf3 Nh7 33. Nb1 Kb7 34. Nbd2 g5
35. fxg5 Bxg5 36. Bxg5 Nxg5 37. Nxg5 Rxg5 38. Nf3 Rg7 39. Rf2 Kc7 40. Bd1 Bc6
41. Qa2 Bb7 42. Qa5+ Kc6 43. Nd2 Qd8 44. Qxd8 Rxd8 45. Bh5 Rf8 46. Rf6 Kd7 47.
Rxh6 Nb6 48. Rf1 Ke7 49. Ra1 Na4 50. Nb1 Rgg8 51. Rh7 Rh8 52. Rxh8 Rxh8 53. Bf3
Ra8 54. Ra2 Nb6 55. Rxa8 Bxa8 56. Kf2 Bc6 57. g4 f6 58. h4 Kf7 59. Ke3 Kg6 60.
Kf4 fxe5+ 61. Kxe5 Kf7 62. h5 Nc8 63. g5 Bd7 64. Bg4 Ne7 65. g6+ Kg7 66. Kd6
Nxg6 67. hxg6 e5 68. Bxd7 Kxg6 69. dxe5 Kg5 70. Kxd5 1-0

[Event "10. Bayer Open"]
[Site "?"]
[Date "2012.02.08"]
[Round "3"]
[White "Roder, Stephan"]
[Black "Meyer, Stefan"]
[Result "0-1"]
[WhiteElo "1391"]
[BlackElo "1662"]
[PlyCount "64"]
[EventDate "2012.??.??"]
[SourceDate "2012.01.12"]

1. d4 d5 2. c4 e6 3. Nc3 Nf6 4. Bg5 Be7 5. cxd5 exd5 6. e3 O-O 7. Bd3 h6 8.
Bxf6 Bxf6 9. Nge2 Bg4 10. Qb3 Be6 11. Qxb7 Nd7 12. Qb3 Rb8 13. Qc2 c5 14. Qd2
Qb6 15. Rb1 Kh8 16. Na4 Qc6 17. Bc2 Rfc8 18. Nac3 Bg4 19. Ba4 Qd6 20. O-O Nb6
21. Bc2 Nc4 22. Qd3 g6 23. f3 Be6 24. Na4 Bg5 25. f4 Bf5 26. Qc3 cxd4 27. Qxd4+
Bf6 28. Qxa7 Bxc2 29. Rbc1 Nxe3 30. Rxc2 Nxc2 31. Qxf7 Bg7 32. b3 Rc7 0-1

[Event "10. Bayer Open"]
[Site "?"]
[Date "2012.02.08"]
[Round "3"]
[White "Schmidt, Werner"]
[Black "Pütz, Viktor"]
[Result "0-1"]
[WhiteElo "1372"]
[BlackElo "1600"]
[PlyCount "82"]
[EventDate "2012.??.??"]
[SourceDate "2012.01.12"]

1. e4 e5 2. Nf3 Nf6 3. d3 Nc6 4. c3 d6 5. Be2 Bg4 6. h3 Bh5 7. Be3 Be7 8. b4 a6
9. O-O O-O 10. Qc1 d5 11. Qc2 d4 12. cxd4 exd4 13. Bf4 Bxb4 14. a3 Bd6 15. g3
Bxf4 16. gxf4 Qd7 17. Kg2 Rad8 18. Nbd2 Rfe8 19. Nb3 Nxe4 20. dxe4 d3 21. Bxd3
Qxd3 22. Qxd3 Rxd3 23. Nfd2 Nd4 24. Nxd4 Rxd2 25. Nb3 Rd6 26. Rfc1 Rg6+ 27. Kf1
Bf3 28. Nd2 Bg2+ 29. Ke1 Bxe4 30. Nxe4 Rxe4+ 31. Kf1 Re7 32. Rab1 b6 33. Rc4 f5
34. Re1 Rxe1+ 35. Kxe1 Re6+ 36. Kd2 c5 37. f3 Kf7 38. Rc3 Ke7 39. Kc2 Rd6 40.
Re3+ Kd7 41. Re5 g6 {Der Rest verliert sich im notationellen Nirwana...} 0-1

[Event "10. Bayer Open"]
[Site "?"]
[Date "2012.02.08"]
[Round "3"]
[White "Longerich, Hans-Peter"]
[Black "Engels, Immanuel"]
[Result "1-0"]
[WhiteElo "1320"]
[BlackElo "1528"]
[PlyCount "47"]
[EventDate "2012.??.??"]
[SourceDate "2012.01.12"]

1. e4 d5 2. exd5 Nf6 3. d4 Nxd5 4. c4 Nf6 5. Nf3 Bg4 6. Be2 Nc6 7. Be3 e6 8.
O-O Be7 9. Nc3 O-O 10. a3 a5 11. Qc2 Re8 12. Rad1 Na7 13. Rfe1 Bf5 14. Qd2 b6
15. Ne5 Ne4 16. Nxe4 Bxe4 17. f3 Bb7 18. Nd3 Ba6 19. Qc2 Nc8 20. Ne5 Bg5 21. f4
Bh4 22. Rf1 Bf6 23. Bf3 Bxe5 24. dxe5 1-0

[Event "10. Bayer Open"]
[Site "?"]
[Date "2012.02.08"]
[Round "3"]
[White "Khananyev, Shalmi"]
[Black "Balduan, Karl-Heinz"]
[Result "0-1"]
[WhiteElo "1183"]
[BlackElo "1508"]
[PlyCount "90"]
[EventDate "2012.??.??"]
[SourceDate "2012.01.12"]

1. e4 e5 2. Nf3 Nc6 3. d4 exd4 4. Nxd4 Nxd4 5. Qxd4 Qf6 6. Be3 d6 7. h3 Bd7 8.
Nc3 c5 9. Qd2 O-O-O 10. Bg5 Qd4 11. Bxd8 Qxd2+ 12. Kxd2 Kxd8 13. Bc4 Be6 14.
Bxe6 fxe6 15. Rad1 Kc7 16. Kc1 a6 17. Rd2 g6 18. Rhd1 Bh6 19. a3 Bxd2+ 20. Rxd2
Ne7 21. f4 Rf8 22. g3 Kc6 23. Re2 e5 24. fxe5 dxe5 25. Rg2 Rf7 26. b3 Nc8 27.
Kb2 Nd6 28. h4 Rf3 29. a4 b5 30. axb5+ axb5 31. g4 b4 32. Ne2 Nxe4 33. h5 Rf2
34. Rxf2 Nxf2 35. hxg6 hxg6 36. g5 Ne4 37. c4 Kd6 38. Kc2 Nxg5 39. Kd3 Ne6 40.
Ke3 Nd4 41. Nc1 g5 42. Kf2 e4 43. Ke3 Ke5 44. Kf2 Kf4 45. Kg2 Ke3 0-1

[Event "10. Bayer Open"]
[Site "?"]
[Date "2012.02.08"]
[Round "3"]
[White "Hümer, Dominik"]
[Black "Rodewald, Horst"]
[Result "1-0"]
[WhiteElo "1477"]
[BlackElo "1309"]
[PlyCount "75"]
[EventDate "2012.??.??"]
[SourceDate "2012.01.12"]

1. d4 d5 2. Nf3 Nc6 3. c4 e6 4. Nc3 Bb4 5. Qc2 a6 6. e3 Nf6 7. Bd3 Be7 8. O-O
Nb4 9. Qe2 Bd7 10. Bb1 b5 11. a3 Nc6 12. cxb5 Na5 13. bxa6 O-O 14. b4 Nc6 15.
Bb2 Bc8 16. b5 Na5 17. Bd3 Nc4 18. Bxc4 dxc4 19. Qxc4 Nd5 20. Rac1 Nb6 21. Qd3
Nd5 22. Ne5 Bd6 23. Nc6 Qh4 24. g3 Qh3 25. Ne4 f5 26. Nxd6 cxd6 27. a4 Rf6 28.
f4 Bd7 29. Ba3 Rh6 30. Rf2 Nf6 31. Qf1 Qg4 32. b6 Rc8 33. b7 Rxc6 34. Rxc6 Bxc6
35. b8=Q+ Kf7 36. Qc7+ Bd7 37. Bxd6 Ke8 38. a7 1-0

[Event "10. Bayer Open"]
[Site "?"]
[Date "2012.02.08"]
[Round "3"]
[White "Barche, Uwe"]
[Black "Jacobi, Bernd"]
[Result "0-1"]
[WhiteElo "1061"]
[BlackElo "1471"]
[PlyCount "58"]
[EventDate "2012.??.??"]
[SourceDate "2012.01.12"]

1. c4 c6 2. Nf3 Nf6 3. g3 d5 4. e3 e6 5. Nc3 Bd6 6. a3 Qa5 7. b3 O-O 8. Bb2
Nbd7 9. b4 Qc7 10. d3 dxc4 11. dxc4 c5 12. Nb5 Qc6 13. Nxd6 Rd8 14. Nxc8 Raxc8
15. Be2 Ne5 16. Qc2 Nxf3+ 17. Bxf3 Qxf3 18. Rg1 Ne4 19. Bc3 Rd7 20. Qe2 Qxe2+
21. Kxe2 Nxc3+ 22. Kf3 f5 23. g4 Rf8 24. g5 Ne4 25. Ke2 Rd2+ 26. Ke1 Rfd8 27.
Kf1 Rxf2+ 28. Ke1 Rdd2 29. h4 Nc3 0-1

[Event "10. Bayer Open"]
[Site "?"]
[Date "2012.02.08"]
[Round "3"]
[White "Ramien, David"]
[Black "Weber, Jakob Martin"]
[Result "1-0"]
[WhiteElo "1450"]
[BlackElo "1195"]
[PlyCount "69"]
[EventDate "2012.??.??"]
[SourceDate "2012.01.12"]

1. e4 e5 2. Nf3 Nc6 3. Bb5 a6 4. Ba4 Bc5 5. O-O Nf6 6. d3 d6 7. c3 O-O 8. Nbd2
b5 9. Bc2 Bb7 10. h3 Re8 11. Re1 Ne7 12. Nf1 Ng6 13. Ng3 c6 14. d4 exd4 15.
cxd4 Bb6 16. Bb3 Rc8 17. Bd2 Ba5 18. Bxa5 Qxa5 19. Ng5 d5 20. e5 Nd7 21. Nf5 h6
22. Nd6 hxg5 23. Nxb7 Qb6 24. Nd6 Nf4 25. g3 Ne6 26. Bc2 Nxd4 27. Nxc8 Rxc8 28.
Qd3 Nxc2 29. Qxc2 Re8 30. Qf5 Re7 31. Rac1 Qc7 32. e6 g6 33. exd7 Rxe1+ 34.
Rxe1 gxf5 35. Re8+ 1-0

[Event "10. Bayer Open"]
[Site "?"]
[Date "2012.02.08"]
[Round "3"]
[White "Fröhling, Ewald"]
[Black "Teuber, Alfons"]
[Result "1-0"]
[WhiteElo "1447"]
[BlackElo "1061"]
[PlyCount "39"]
[EventDate "2012.??.??"]
[SourceDate "2012.01.12"]

1. e4 e5 2. Nf3 d6 3. h3 a6 4. d4 Nd7 5. Bc4 h6 6. dxe5 Nxe5 7. Nxe5 dxe5 8.
Qxd8+ Kxd8 9. Bxf7 Ne7 10. O-O Nc6 11. c3 Bc5 12. Nd2 Ke7 13. Bd5 Bd7 14. Nf3
Kd6 15. Rd1 Rhf8 16. Bxc6+ Kxc6 17. Nxe5+ Kb5 18. a4+ Ka5 19. b4+ Bxb4 20. Nc4#
1-0

[Event "10. Bayer Open"]
[Site "?"]
[Date "2012.02.01"]
[Round "3"]
[White "Wilde, Christian"]
[Black "Westphal, Gerhard"]
[Result "1/2-1/2"]
[WhiteElo "1026"]
[BlackElo "1407"]
[PlyCount "102"]
[EventDate "2012.??.??"]
[SourceDate "2012.01.12"]
[TimeControl "180"]

{461MB, Fritz12.ctg, garten-PC} 1. c4 {[%emt 0:00:00]} c5 2. Nc3 Nc6 3. g3 g6
4. e3 Bg7 5. Bg2 d6 6. Nge2 Bf5 7. e4 Bd7 8. O-O Qc8 9. a3 Nh6 10. h3 Bxh3 11.
Bxh3 Qxh3 12. Nf4 Qd7 13. Nce2 Be5 14. d3 Ng4 15. Rb1 Nf6 16. Kg2 g5 17. Nd5 h6
18. f4 gxf4 19. Bxf4 Nxd5 20. exd5 Nd4 21. Bxe5 dxe5 22. Nxd4 exd4 23. Qf3 Rf8
24. Qf4 O-O-O 25. Qxh6 Rh8 26. Qf4 Qh3+ 27. Kf3 Qh5+ 28. g4 Qh3+ 29. Ke2 Qh2+
30. Rf2 Qxf4 31. Rxf4 Rh2+ 32. Rf2 Rdh8 33. b4 cxb4 34. axb4 Rxf2+ 35. Kxf2
Rh2+ 36. Kf3 Rh4 37. Re1 Kd7 38. Re4 Rh3+ 39. Ke2 Rh2+ 40. Kd1 Rh4 41. Rf4 f5
42. Rxf5 Rxg4 43. Kd2 Rg2+ 44. Kc1 Rg4 45. c5 Rg1+ 46. Kc2 Rg2+ 47. Kc1 Rg4 48.
Rf7 Ke8 49. Rh7 Rg1+ 50. Kb2 Rg2+ 51. Kc1 Re2 {Schwarz bot Remis, Weiß nahm an}
1/2-1/2

[Event "10. Bayer Open"]
[Site "?"]
[Date "2012.02.22"]
[Round "4"]
[White "Khanukov, Boris"]
[Black "Negele, Michael"]
[Result "1-0"]
[WhiteElo "2236"]
[BlackElo "2134"]
[PlyCount "69"]
[EventDate "2012.??.??"]
[SourceDate "2012.01.12"]

1. d4 Nf6 2. c4 e6 3. Nc3 Bb4 4. Qc2 O-O 5. a3 Bxc3+ 6. Qxc3 Qe8 7. Bf4 (7. Nf3
d6 8. g3 a5) 7... d6 8. Nf3 b6 9. h3 Bb7 10. e3 Ne4 11. Qc2 Nd7 12. Be2 f5 13.
O-O Qe7 14. Bh2 Rf6 15. Rad1 Rh6 16. d5 e5 17. Ne1 Rf8 18. f4 Bc8 19. b4 Ndf6 {
!?} (19... exf4 {!} 20. exf4 (20. Bxf4 g5) 20... Ndf6 21. Nf3 Bd7 (21... Ng4 {?
} 22. hxg4 fxg4 23. Ng5 {?} (23. Bd3 {!} gxf3 24. Bxe4) 23... Nxg5 24. fxg5
Qe3+ 25. Kh1 Rxf1+ 26. Rxf1 g3 {!!})) 20. Nf3 (20. fxe5 {!} dxe5 21. Nf3 Nd7)
20... Ng4 {!?} (20... Nd7) 21. hxg4 fxg4 22. Ng5 {?!} (22. Qxe4 {??} Bf5) (22.
Bd3 {!}) 22... Nxg5 23. fxg5 Qxg5 24. Rxf8+ Kxf8 25. Rf1+ Ke7 26. g3 {!} (26.
Bg3 Qxe3+ 27. Bf2 Qg5 28. Qe4 Qh5 29. Bg3 Qh1+ 30. Kf2 Rf6+ 31. Ke1 Rxf1+ 32.
Bxf1 Kf6) 26... Qxe3+ 27. Kg2 Rh3 {?} (27... Qxa3 28. Bg1 (28. Qd2 Rh5) 28...
g6 (28... Qxb4 {?} 29. Be3 $1)) 28. Bd3 $1 Qh6 29. Kg1 Bd7 30. Qf2 Be8 31. Bf5
Qg5 32. c5 h5 {?} (32... Rh6) 33. cxd6+ cxd6 34. Be4 Kd8 35. Bg2 1-0

[Event "10. Bayer Open"]
[Site "?"]
[Date "2012.02.22"]
[Round "4"]
[White "Balduan, Markus"]
[Black "Bigott, Martin"]
[Result "1-0"]
[WhiteElo "2189"]
[BlackElo "1794"]
[PlyCount "97"]
[EventDate "2012.??.??"]
[SourceDate "2012.01.12"]

1. c4 c6 2. d4 d5 3. Nc3 Nf6 4. Nf3 e6 5. Bg5 Be7 6. e3 O-O 7. Qc2 b6 8. Bd3 h6
9. Bh4 dxc4 10. Bxc4 Ba6 11. Bxa6 Nxa6 12. O-O c5 13. Rfd1 cxd4 14. Nxd4 Nb4
15. Qb3 Nfd5 16. Nxd5 Nxd5 17. Bg3 Bc5 18. e4 Qf6 19. Nb5 Nf4 20. Rd2 a6 21.
Nc3 Rad8 22. Rad1 Rxd2 23. Rxd2 e5 {Schwarz bietet Remis an.} 24. Qc4 a5 25. a3
Qg5 26. Bxf4 Qxf4 27. Qd3 Bd4 28. Nd5 Qh4 29. g3 Qg4 30. Kg2 f5 31. Ne7+ Kh8
32. Nxf5 Bc5 33. f3 Qg5 34. h4 Qf6 35. h5 Qg5 36. Qd7 Bd4 37. Rc2 Bc5 38. Re2
Rd8 39. Qf7 Rd1 40. Qe8+ Kh7 41. Rc2 Rg1+ 42. Kh2 Rf1 43. Kg2 Rg1+ 44. Kh2 Rf1
45. b4 axb4 46. axb4 Rf2+ 47. Rxf2 Bxf2 48. Kg2 Be1 49. b5 1-0

[Event "10. Bayer Open"]
[Site "?"]
[Date "2012.02.22"]
[Round "4"]
[White "Kies, Werner"]
[Black "Rotstein, Jefim"]
[Result "0-1"]
[WhiteElo "1900"]
[BlackElo "2291"]
[PlyCount "72"]
[EventDate "2012.??.??"]
[SourceDate "2012.01.12"]

1. e4 c5 2. Nf3 e6 3. Nc3 a6 4. d4 cxd4 5. Nxd4 b5 6. a3 Bb7 7. Bd3 d6 8. O-O
Nf6 9. Be3 Nbd7 10. f4 d5 11. e5 Ne4 12. Nce2 g6 13. c3 Ndc5 14. Bc2 Be7 15.
Ng3 Qd7 16. Rf3 Rc8 17. Qe2 O-O 18. Nxe4 dxe4 19. Rh3 Bd5 20. Rd1 Bc4 21. Qf2
Bd3 22. g4 f5 23. g5 Bxc2 24. Qxc2 Rfd8 25. Rd2 Nd3 26. Qd1 Bc5 27. Qf1 a5 28.
Nc2 Qa7 29. Kg2 Bxe3 30. Nxe3 b4 31. Nd1 bxa3 32. bxa3 Qc5 33. Rg3 Qxa3 34. h4
Qc1 35. Rgxd3 Rxd3 36. Rxd3 Qc2+ 0-1

[Event "10. Bayer Open"]
[Site "?"]
[Date "2012.02.22"]
[Round "4"]
[White "Kniest, Oliver"]
[Black "Böhm, Stefan"]
[Result "1-0"]
[WhiteElo "2243"]
[BlackElo "1941"]
[PlyCount "61"]
[EventDate "2012.??.??"]
[SourceDate "2012.01.12"]

1. d4 e6 2. c4 b6 3. Nf3 Bb7 4. a3 Nf6 5. Nc3 d5 6. cxd5 exd5 7. Qa4+ Nbd7 8.
g3 Be7 9. Ne5 O-O 10. Nc6 Qe8 11. Nxe7+ Qxe7 12. Bg2 c5 13. O-O Ne4 14. Bf4 a6
15. Nxe4 dxe4 16. Rfd1 b5 17. Qa5 g5 18. Be3 c4 19. d5 Rac8 20. a4 bxa4 21. d6
Qe5 22. Qxe5 Nxe5 23. Rxa4 f6 24. Bd4 Nd7 25. Ra5 f5 26. g4 Rc6 27. Bc3 Rc5 28.
Rxc5 Nxc5 29. gxf5 Nd7 30. Rd4 Rf6 31. Bb4 1-0

[Event "10. Bayer Open"]
[Site "?"]
[Date "2012.02.22"]
[Round "4"]
[White "Liebsch, Felix"]
[Black "Wolfradt, Dirk"]
[Result "0-1"]
[WhiteElo "1708"]
[BlackElo "2067"]
[PlyCount "44"]
[EventDate "2012.??.??"]
[SourceDate "2012.01.12"]

1. e4 Nf6 2. e5 Nd5 3. d4 d6 4. c4 Nb6 5. exd6 exd6 6. Nc3 Be7 7. Bd3 Nc6 8.
Nge2 Bf6 9. Be3 Bg4 10. f3 Qe7 11. Ne4 Bh4+ 12. Bf2 Bxf2+ 13. Kxf2 Bd7 14. Re1
O-O-O 15. Qd2 d5 16. cxd5 Nxd5 17. N2c3 Ncb4 18. Nxd5 Nxd5 19. Nc5 Qh4+ 20. Kf1
Qxd4 21. Nxb7 Bb5 22. Rad1 Qxd3+ 0-1

[Event "10. Bayer Open"]
[Site "?"]
[Date "2012.02.22"]
[Round "4"]
[White "Peschel, Andreas"]
[Black "Birnkott, Manfred"]
[Result "1-0"]
[WhiteElo "2163"]
[BlackElo "1850"]
[PlyCount "59"]
[EventDate "2012.??.??"]
[SourceDate "2012.01.12"]

1. d4 d5 2. c4 e6 3. Nf3 c6 4. e3 Bd6 5. b3 Nf6 6. Nbd2 Nbd7 7. Bb2 O-O 8. Bd3
Re8 9. Ne5 Nf8 10. O-O N6d7 11. e4 Bxe5 12. dxe5 Ng6 13. exd5 exd5 14. f4 Nc5
15. Bc2 Qh4 16. f5 Nf8 17. cxd5 cxd5 18. Nf3 Qd8 19. Qd4 Qb6 20. Qxd5 Rd8 21.
Qc4 Nxb3+ 22. Kh1 Nxa1 23. Bxa1 Bd7 24. Bb3 Be8 25. e6 Bb5 26. Qc3 Rd4 27. Nxd4
Bxf1 28. exf7+ Kh8 29. Ne6 Nxe6 30. fxe6 1-0

[Event "10. Bayer Open"]
[Site "?"]
[Date "2012.02.22"]
[Round "4"]
[White "Keller, Karsten"]
[Black "Vranidis, Georgius"]
[Result "1/2-1/2"]
[WhiteElo "2127"]
[BlackElo "1814"]
[PlyCount "91"]
[EventDate "2012.??.??"]
[SourceDate "2012.01.12"]

1. Nf3 c5 2. c4 Nf6 3. Nc3 e6 4. g3 b6 5. Bg2 Bb7 6. O-O Be7 7. Re1 O-O 8. e4
d6 9. d4 cxd4 10. Nxd4 a6 11. Be3 Qc7 12. Rc1 Nbd7 13. f4 Rac8 14. f5 e5 15.
Nb3 Nc5 16. Nxc5 dxc5 17. Nd5 Nxd5 18. exd5 Rcd8 19. Be4 Rd6 20. Qf3 Qd8 21. b4
cxb4 22. c5 bxc5 23. Bxc5 Re8 24. Bxb4 Rd7 25. Bxe7 Qxe7 26. Qb3 Qd6 27. Red1
Rc7 28. Rxc7 Qxc7 29. Qe3 Qd6 30. Rb1 Bc8 31. Rb6 Qc7 32. d6 Qc4 33. Rc6 Qxa2
34. Rc7 Qa1+ 35. Kg2 Qb2+ 36. Kf3 Rd8 37. Qd3 Qd4 38. Qxd4 exd4 39. Bc6 Bxf5
40. Kf4 Be6 41. Ke5 d3 42. Bf3 d2 43. Rc2 Re8 44. Rxd2 Bg4+ 45. Kf4 Bxf3 46.
Kxf3 {Restliche Notation unleserlich.} 1/2-1/2

[Event "10. Bayer Open"]
[Site "?"]
[Date "2012.02.22"]
[Round "4"]
[White "Wirtz, Uwe"]
[Black "Sockel, Karl-Heinz"]
[Result "1/2-1/2"]
[WhiteElo "1780"]
[BlackElo "1974"]
[PlyCount "40"]
[EventDate "2012.??.??"]
[SourceDate "2012.01.12"]
[TimeControl "600"]

1. e4 c6 2. d4 d6 3. Nf3 Qc7 4. Be3 Bg4 5. Be2 e5 6. dxe5 dxe5 7. h3 Bh5 8. O-O
Nf6 9. Nbd2 Be7 10. c3 O-O 11. Qc2 Nbd7 12. Rfe1 Rad8 13. Rad1 Bc5 14. Bxc5
Nxc5 15. b4 Ne6 16. Nc4 Bxf3 17. Bxf3 b5 18. Ne3 Ng5 19. c4 Nxf3+ 20. gxf3 Rxd1
1/2-1/2

[Event "10. Bayer Open"]
[Site "?"]
[Date "2012.02.22"]
[Round "4"]
[White "Eulering, Georg"]
[Black "van Schyndel, Andreas"]
[Result "1-0"]
[WhiteElo "2064"]
[BlackElo "1699"]
[PlyCount "28"]
[EventDate "2012.??.??"]
[SourceDate "2012.01.12"]

1. e4 c5 2. c3 e6 3. d4 d5 4. e5 Qb6 5. Nf3 Nc6 6. Bd3 cxd4 7. cxd4 Bd7 8. O-O
Nxd4 9. Ng5 g6 10. Be3 Bc5 11. Nc3 Ne7 12. Rc1 O-O 13. Nce4 dxe4 14. Nxe4 Qxb2
1-0